000 00265nam a22001217a 4500
008 181105b xxu||||| |||| 00| 0 eng d
041 _aeng
080 _a510
100 _a37
101 _aMAT
245 _aThe Many Meaning Of Myth
_cDay.M.S
942 _2udc
_cBK
999 _c51777
_d51777